Statistics for Guess the Disney Song by a Lyric #1

Click here to take the quiz!

General Stats

  • This quiz has been taken 502 times
  • The average score is 9 of 15

Answer Stats

LyricsTitleMovie% Correct
"Up where they walk, up where they run, up where they stay all day in the sun"Part of Your WorldThe Little Mermaid
86%
"It means no worries for the rest of your days. It's our problem-free philosophy"Hakuna MatataThe Lion King
85%
"Tale as old as time. True as it can be"Beauty and the BeastBeauty and the Beast
84%
"I can show you the world. Shining, shimmering splendid. Tell me, princess, now when did you last let your heart decide?"A Whole New WorldAladdin
78%
"I never see you anymore, come out the door. It's like you've gone away"Do You Want to Build a Snowman?Frozen
70%
"Let's get down to business, to defeat the Huns. Did they send me daughters, when I asked for sons?"I'll Make a Man Out of YouMulan
66%
"Have you ever heard the wolf cry to the blue corn moon? Or asked the grinning bobcat why he grinned?"Colors of the WindPocahontas
62%
"They can sing, they can dance. After all, miss, this is France"Be Our GuestBeauty and the Beast
61%
"All those days watching from the windows, all those years outside looking in"I See the LightTangled
47%
"I remember daddy told me, 'Fairy tales can't come true, but you gotta make it happen. It all depends on you' "Almost ThereThe Princess and the Frog
45%
"In dreams you will lose your heartaches. Whatever you wish for, you keep"A Dream Is a Wish Your Heart MakesCinderella
42%
"Wherever I wander, wherever I roam. I couldn't be fonder of my big home"Bare NecessitiesThe Jungle Book
42%
"And every task you undertake, becomes a piece of cake. A lark! A spree! It's very clear to see that...'A Spoonful of Sugar Mary Poppins
32%
"I know it sounds sordid, but you'll be rewarded, when at last I am given my dues!"Be PreparedThe Lion King
30%
"How does she know you love her? How does she know she's yours?"That's How You KnowEnchanted
22%

Score Distribution

Percentile by Number Answered

Percent of People with Each Score

Your Score History

You have not taken this quiz